| 000 | 00508 a2200169 4500 | ||
|---|---|---|---|
| 999 |
_c41806 _d41806 |
||
| 003 | OSt | ||
| 005 | 20221114115354.0 | ||
| 008 | 221114b ||||| |||| 00| 0 eng d | ||
| 020 | _a9789352602582 | ||
| 040 | _coclc | ||
| 082 |
_a004 _bBAL/I |
||
| 100 |
_93962 _aBalagurusamy, E |
||
| 245 |
_aIntroduction to Computing and Problem Solving using Python / _cE Balagurusamy. |
||
| 260 |
_aNew Delhi: _bMc grawhill, _c2022. |
||
| 300 | _a321 p | ||
| 942 |
_2ddc _cBK _h004 _iBAL/I _k004 _mBAL/I |
||